000 00321nam a2200145Ia 4500
008 150201s1995 xx 000 0 und d
082 _a618
_bM1995B
100 _aBOBAK,IRENE
245 _aMATERNITY NURSING
250 _a4TH
260 _bMOSBY
_aDELHI
_c1995
300 _a1-128
650 _aNURSING
942 _2ddc
_cBK
999 _c4010
_d4010